000 00575nam a22001935i 4500
001 17704952
005 20170105102921.0
008 130405s2013 enk 000 0 eng
020 _a9781849042642(hpk)
035 _a(Uk-RwCLS)uk21899342
040 _aDLC
_beng
_cDLC
_erda
042 _apcc
100 1 _aMalkasian, Carter,
_d1975-
245 1 0 _aWar comes to Garmser :
_bthirty years of conflict on the Afghan frontier /
_cCarter Malkasian.
300 _a288 pages ;
_c23cm
906 _a0
_bibc
_corigres
_du
_encip
_f20
_gy-gencatlg
942 _2ddc
_cBK
999 _c15596
_d15596